000 00957nam a2200229 a 4500
001 BRCA_8874
005 20190320210438.0
008 140617s1750----sp-#######---#000-0#spa-#
041 _aspa
044 _asp
084 _aBE257
_b.C38 1750
100 1 _aCausino, Nicolas
_d1583 - 1651
_922010
245 1 0 _aLa corte santa
_cescrita en francés por el Rmo. Padre Nicolas Causino; traducida en castellano por Don Pedro Gonzalez de Godoy; tomo séptimo; que contiene parte del tratado de los Monarcas.
260 _aMadrid
_bEn la Imprenta de Gabriel Ramírez, criado de la Reyna Viuda Nuestra Señora, calle de Atocha
_c1750
300 _a[4], 427 p. (t.7)
_c15.1 x 10.5 cm.
500 _aCon las licencias necessarias
500 _aEstado físico: presenta encuadernación en pergamino, con cintas rotas
650 1 4 _aVida cristiana
_yObras anteriores a 1800
_921266
700 1 _aGonzales de Godoy, Pedro
_etr.
_922094
902 _aCFM
942 _2lcc
_cB
999 _c8525
_d8525